UBT Library

Culture and Politics : (Record no. 385)

000 -LEADER
fixed length control field 00698nam a22002297a 4500
008 - FIXED-LENGTH DATA ELEMENTS--GENERAL INFORMATION
fixed length control field 131204b xxu||||| |||| 00| 0 eng d
020 ## - INTERNATIONAL STANDARD BOOK NUMBER
International Standard Book Number 1571813349
041 0# - LANGUAGE CODE
Language code of text/sound track or separate title eng
080 ## - UNIVERSAL DECIMAL CLASSIFICATION NUMBER
Universal Decimal Classification number 342
245 10 - TITLE STATEMENT
Title Culture and Politics :
Statement of responsibility, etc edited by Rik Pinkxten ; Ghislain Verstreate ; Chia Longman.
250 ## -
-- Volume 2
260 ## -
-- New York :
-- Bergbabn Books ;
-- 2004.
300 ## -
-- 141 f. :
-- me il. ;
-- 23 cm.
500 ## -
-- Preface : f. [VII[-VIII
505 ## -
-- Index : f. [135]-141
650 #0 -
-- Kultura
650 #0 -
-- Politika
700 ## -
-- Pinxten, Rik ;
700 ## -
-- Verstraete, Ghislain ;
700 ## -
-- Longman, Chia ;
942 ## - ADDED ENTRY ELEMENTS (KOHA)
Source of classification or shelving scheme
Item type Books
Holdings
Withdrawn status Lost status Source of classification or shelving scheme Damaged status Not for loan Collection code Permanent location Current location Shelving location Date acquired Total Checkouts Full call number Barcode Date last seen Koha item type
          Koleksioni i përgjithshem UBT - Prishtine UBT - Prishtine Koleksioni i përgjithshem 12/04/2013   342 CUL 001-000520 12/04/2013 Books
UBT Library © 2015-2024. All rights reserved University Education for Business and Technology